ბათუმის შოთა რუსთაველის სახელმწიფო უნივერსიტეტის ბიბლიოთეკა

Очерки по истории земледелия Италии : (ბიბ.ჩანაწერი № 60807)

000 -LEADER
fixed length control field 00709nam a22001577a 4500
005 - DATE AND TIME OF LATEST TRANSACTION
control field 20231024145949.0
008 - FIXED-LENGTH DATA ELEMENTS--GENERAL INFORMATION
fixed length control field 231024s1966 ru ||||| |||| 00| 0 rus d
041 ## - LANGUAGE CODE
Language code of text/sound track or separate title rus
080 ## - UNIVERSAL DECIMAL CLASSIFICATION NUMBER
Universal Decimal Classification number 631(45) K-89
100 ## - MAIN ENTRY--PERSONAL NAME
Personal name Кузищин, В.И.
9 (RLIN) 20214
245 ## - TITLE STATEMENT
Title Очерки по истории земледелия Италии :
Remainder of title II в. до н.э. - I в. н.э /
Statement of responsibility, etc. В.И. Кузищин.
264 ## - PRODUCTION, PUBLICATION, DISTRIBUTION, MANUFACTURE, AND COPYRIGHT NOTICE
Place of production, publication, distribution, manufacture М.:
Name of producer, publisher, distributor, manufacturer Издательство Московского университета,
Date of production, publication, distribution, manufacture, or copyright notice 1966.
300 ## - PHYSICAL DESCRIPTION
Extent 312 с.
Other physical details 21 cm.
653 ## - INDEX TERM--UNCONTROLLED
keyword ნარკვევები იტალიაში სოფლის მეურნეობის ისტორიის შესახებ
942 ## - ADDED ENTRY ELEMENTS (KOHA)
Source of classification or shelving scheme
Koha item type წიგნი
ეგზემპლარები
Withdrawn status Lost status Source of classification or shelving scheme Damaged status Not for loan Permanent Location Current Location Shelving location Date acquired Cost, normal purchase price Full call number Barcode Date last seen Copy number Uniform Resource Identifier Price effective from Koha item type Public note
          ბათუმის შოთა რუსთაველის სახელმწიფო უნივერსიტეტის მთავარი ბიბლიოთეკა ბათუმის შოთა რუსთაველის სახელმწიფო უნივერსიტეტის მთავარი ბიბლიოთეკა წიგნსაცავი 2023-10-24 7.00 631(45) K-89 65375 2023-10-24 65375 ბსუ-ს საპატიო დოქტორის გურამ ლორთქიფანიძის საჩუქარი 2023-10-24 წიგნი 7 ლ.